[Event "Vecindario Montalvo Memorial 16th"]
[Site "Vecindario"]
[Date "2024.03.26"]
[Round "4"]
[White "Guerrero Orihuela, Jose Luis"]
[Black "Marrero Cardenes, Agustin"]
[Result "1/2-1/2"]
[WhiteElo "1948"]
[BlackElo "2093"]
[PlyCount "37"]
[EventDate "2024.03.23"]
[EventType "swiss"]
[EventRounds "9"]
[EventCountry "ESP"]
[SourceTitle "CB15_2024"]
[SourceDate "2024.04.10"]
[SourceVersion "1"]
[SourceVersionDate "2024.04.10"]
[SourceQuality "1"]

1. d4 Nf6 2. c4 e6 3. Nc3 Bb4 4. Bg5 c5 5. d5 exd5 6. cxd5 d6 7. e3 0-0 8. Bd3 Nbd7 9. Nge2 Ne5 10. Bc2 Bg4 11. 0-0 Bxc3 12. bxc3 h6 13. Bxf6 Qxf6 14. Qd2 Bf3 15. Ng3 h5 16. Bd1 h4 17. gxf3 hxg3 18. fxg3 Nc4 19. Qd3 1/2-1/2

[Event "Gran Canaria Vecindario op 1st"]
[Site "Gran Canaria"]
[Date "2023.11.04"]
[Round "5"]
[White "Bethencourt Hernandez, Alberto"]
[Black "Marrero Cardenes, Agustin"]
[Result "0-1"]
[WhiteElo "1813"]
[BlackElo "2076"]
[PlyCount "84"]
[EventDate "2023.11.04"]
[EventType "swiss"]
[EventRounds "9"]
[EventCountry "ESP"]
[SourceTitle "CB46_2023"]
[SourceDate "2023.11.15"]
[SourceVersion "1"]
[SourceVersionDate "2023.11.15"]
[SourceQuality "1"]

1. e4 c6 2. Nf3 d5 3. Nc3 Bg4 4. h3 Bxf3 5. Qxf3 e6 6. d3 Nf6 7. Bd2 Be7 8. g4 d4 9. Ne2 c5 10. g5 Nfd7 11. Qg3 Nc6 12. f4 h6 13. 0-0-0 h5 14. h4 Qc7 15. Bh3 g6 16. Qf2 0-0 17. Ng3 Nb4 18. Kb1 Rac8 19. Rhg1 c4 20. Bxb4 Bxb4 21. f5 cxd3 22. cxd3 e5 23. Rc1 Qd6 24. Rxc8 Rxc8 25. fxg6 fxg6 26. Bxd7 Qxd7 27. Qf6 Qc6 28. Qxc6 Rxc6 29. Rd1 Kf7 30. a3 Ba5 31. Nf1 Rc7 32. b4 Bb6 33. Nd2 Rc3 34. Nc4 Bc7 35. Kb2 b5 36. Na5 Bxa5 37. bxa5 Ke7 38. Rd2 Rc8 39. Kb3 Rc1 40. Kb4 a6 41. Rh2 Kd6 42. Rf2 Rb1+ 0-1

[Event "La Palma Island op"]
[Site "Santa Cruz de La Palma"]
[Date "2023.08.08"]
[Round "5"]
[White "Marrero Cardenes, Agustin"]
[Black "Buchenau, Frank"]
[Result "1/2-1/2"]
[WhiteElo "2082"]
[BlackElo "2222"]
[PlyCount "60"]
[EventDate "2023.08.05"]
[EventType "swiss"]
[EventRounds "9"]
[EventCountry "ESP"]
[SourceTitle "CBM 215 Extra"]
[Source "ChessBase"]
[SourceDate "2023.09.30"]
[SourceVersion "1"]
[SourceVersionDate "2023.09.30"]
[SourceQuality "1"]

1. b3 d5 2. Bb2 Bg4 3. Nf3 Nd7 4. d4 e6 5. e3 Ngf6 6. Bd3 Bb4+ 7. c3 Bd6 8. Nbd2 Bf5 9. Qc2 Bxd3 10. Qxd3 0-0 11. 0-0 e5 12. dxe5 Nxe5 13. Nxe5 Bxe5 14. Nf3 Qe7 15. Nxe5 Qxe5 16. Qe2 Qe6 17. Rac1 c5 18. c4 Rad8 19. cxd5 Rxd5 20. Qb5 b6 21. Qa4 a5 22. Qc4 Ne4 23. f3 Nd6 24. Qc3 f6 25. e4 Rg5 26. Qd3 f5 27. exf5 Nxf5 28. Rfe1 Qg6 29. Rc2 h5 30. Bc1 Nd4 1/2-1/2

[Event "La Palma Island op"]
[Site "Santa Cruz de La Palma"]
[Date "2023.08.06"]
[Round "2"]
[White "Marrero Cardenes, Agustin"]
[Black "Bressac, Stephane"]
[Result "1-0"]
[WhiteElo "2082"]
[BlackElo "2389"]
[PlyCount "101"]
[EventDate "2023.08.05"]
[EventType "swiss"]
[EventRounds "9"]
[EventCountry "ESP"]
[SourceTitle "CBM 215 Extra"]
[Source "ChessBase"]
[SourceDate "2023.09.30"]
[SourceVersion "1"]
[SourceVersionDate "2023.09.30"]
[SourceQuality "1"]

1. d4 d6 2. Nf3 g6 3. Bf4 Bg7 4. e3 Nf6 5. Be2 0-0 6. h3 c5 7. c3 cxd4 8. exd4 Nc6 9. 0-0 Qb6 10. Qb3 Qc7 11. Na3 e5 12. dxe5 dxe5 13. Be3 Be6 14. Qc2 a6 15. Ng5 Bf5 16. Bd3 Bxd3 17. Qxd3 Rad8 18. Qe2 Nd5 19. Nc2 Nxe3 20. Nxe3 Qe7 21. Nf3 e4 22. Nd2 f5 23. Nc2 Ne5 24. Nd4 Nd3 25. N2b3 Rde8 26. Qd2 Qh4 27. Nc1 Bh6 28. Qc2 Nxc1 29. Raxc1 Bxc1 30. Rxc1 f4 31. f3 exf3 32. Nxf3 Qf6 33. Rd1 Re7 34. Rd5 Rfe8 35. h4 Qb6+ 36. Kh2 Re2 37. Qd3 Qf2 38. Rg5 Qe3 39. Rxg6+ Kh8 40. Qf5 Qe7 41. Rf6 Re6 42. Rf7 Qxf7 43. Qxf7 R6e7 44. Qxf4 Kg8 45. h5 Rf8 46. Qg5+ Rg7 47. Qd5+ Kh8 48. Nd4 Re7 49. Nf5 Ref7 50. Qe5+ Rf6 51. Ne7 1-0

[Event "Las Palmas de Gran Canaria op 1st"]
[Site "Las Palmas de Gran Canaria"]
[Date "2019.12.20"]
[Round "4"]
[White "Marrero Cardenes, Agustin"]
[Black "Manchon Santana, Alberto"]
[Result "1-0"]
[WhiteElo "2072"]
[BlackElo "2048"]
[PlyCount "57"]
[EventDate "2019.10.12"]
[EventType "swiss"]
[EventRounds "6"]
[EventCountry "ESP"]
[SourceTitle "EXT 2024"]
[Source "ChessBase"]
[SourceDate "2023.10.10"]
[SourceVersion "1"]
[SourceVersionDate "2023.10.10"]
[SourceQuality "1"]

1. d4 Nf6 2. Bf4 c5 3. e3 Qb6 4. Nc3 e6 5. Nf3 cxd4 6. exd4 Qxb2 7. Nb5 Bb4+ 8. Nd2 Nd5 9. Bc4 Nc3 10. Nc7+ Kd8 11. Qc1 Qxc1+ 12. Rxc1 e5 13. Bxe5 d6 14. Bxg7 Rg8 15. Nxa8 Rxg7 16. a3 Ba5 17. Nb3 d5 18. Nxa5 dxc4 19. Nxc4 Be6 20. Ne3 Nd7 21. f3 Kc8 22. Kd2 Nd5 23. Nxd5 Bxd5 24. c4 Rxg2+ 25. Ke3 Be6 26. d5 Bh3 27. Rhg1 Rg6 28. Rxg6 fxg6 29. d6 1-0

[Event "Liga Insular Gran Canaria Preferente"]
[Site "Las Palmas"]
[Date "2019.04.27"]
[Round "6.1"]
[White "Marrero Cardenes, Agustin"]
[Black "Sosa Suarez, Carla Cristina"]
[Result "0-1"]
[WhiteElo "2082"]
[BlackElo "1981"]
[PlyCount "38"]
[EventDate "2019.03.02"]
[EventType "team-tourn"]
[EventRounds "9"]
[EventCountry "ESP"]
[SourceTitle "EXT 2021"]
[Source "ChessBase"]
[SourceDate "2020.10.23"]
[SourceVersion "1"]
[SourceVersionDate "2020.10.23"]
[SourceQuality "1"]
[WhiteTeam "Maspalomas"]
[BlackTeam "Sociedad La Montana"]
[WhiteTeamCountry "ESP"]
[BlackTeamCountry "ESP"]

1. d4 e6 2. Nf3 d5 3. e3 Nf6 4. Bd3 Bd6 5. 0-0 0-0 6. b3 Nbd7 7. Bb2 a5 8. a3 c6 9. c4 b6 10. Nbd2 Bb7 11. Qc2 h6 12. Rfd1 Rc8 13. Ne5 c5 14. Nxd7 Qxd7 15. dxc5 Rxc5 16. Bd4 dxc4 17. bxc4 Rh5 18. h3 e5 19. Bb2 Bxg2 0-1

[Event "Las Palmas Insular-chT Segunda 1718"]
[Site "Las Palmas"]
[Date "2017.10.28"]
[Round "1.2"]
[White "Garcia Van Isschot, Carlos"]
[Black "Marrero Cardenes, Agustin"]
[Result "0-1"]
[WhiteElo "1599"]
[BlackElo "2045"]
[PlyCount "70"]
[EventDate "2017.10.28"]
[EventType "team-swiss"]
[EventRounds "9"]
[EventCountry "ESP"]
[SourceTitle "EXT 2019"]
[Source "ChessBase"]
[SourceDate "2018.10.10"]
[SourceVersion "1"]
[SourceVersionDate "2018.10.10"]
[SourceQuality "1"]
[WhiteTeam "Anand IV"]
[BlackTeam "Maspalomas"]
[WhiteTeamCountry "ESP"]
[BlackTeamCountry "ESP"]

1. e4 c5 2. c3 d5 3. d3 Nc6 4. Be2 Nf6 5. Nd2 e5 6. Ngf3 Be7 7. 0-0 0-0 8. a3 d4 9. cxd4 cxd4 10. b4 b5 11. Nb3 Qb6 12. Re1 h6 13. Bd2 Be6 14. Rc1 Nd7 15. Qc2 Rfc8 16. Qb2 Nd8 17. Rc2 Rxc2 18. Qxc2 Qa6 19. Na5 Rc8 20. Qb2 Nc6 21. Nxc6 Rxc6 22. Rc1 f6 23. Bd1 Qc8 24. Rc2 f5 25. Qc1 Rxc2 26. Bxc2 fxe4 27. dxe4 Bf6 28. h3 Nb6 29. Nh2 Nc4 30. Bb3 Kh7 31. Bd1 Qa6 32. Bg4 Bxg4 33. Nxg4 Qxa3 34. Bxh6 Qxc1+ 35. Bxc1 d3 0-1

[Event "ESP-ch 82nd"]
[Site "Las Palmas"]
[Date "2017.10.01"]
[Round "3"]
[White "Marrero Cardenes, Agustin"]
[Black "Alvarado Diaz, Alejandro"]
[Result "0-1"]
[WhiteElo "2030"]
[BlackElo "2407"]
[PlyCount "68"]
[EventDate "2017.09.29"]
[EventType "swiss"]
[EventRounds "9"]
[EventCountry "ESP"]
[SourceTitle "CBM 181 Extra"]
[Source "ChessBase"]
[SourceDate "2017.12.12"]
[SourceVersion "1"]
[SourceVersionDate "2017.12.12"]
[SourceQuality "1"]

1. d4 d6 2. Nf3 Nf6 3. Bf4 g6 4. h3 Bg7 5. e3 0-0 6. Bd3 Nfd7 7. 0-0 Nc6 8. c3 e5 9. Bg5 Qe8 10. dxe5 dxe5 11. e4 Nc5 12. Bc2 Ne6 13. Be3 Qe7 14. Nh2 b6 15. Bd3 Bb7 16. Qc1 Rad8 17. Be2 f5 18. f3 Kh8 19. Nd2 a5 20. Qc2 Bf6 21. Bc4 Bg5 22. Bxg5 Qxg5 23. Rf2 Nf4 24. Kh1 Ne7 25. Re1 Qf6 26. Nhf1 Nc8 27. Ne3 Nd6 28. Nd5 Qh4 29. Nxf4 Qxf2 30. Re2 Qh4 31. Ne6 fxe4 32. fxe4 Nxc4 33. Nxc4 Rf1+ 34. Kh2 Rdd1 0-1

[Event "Las Palmas Insular-chT Pref 1617"]
[Site "Las Palmas"]
[Date "2016.12.03"]
[Round "6.4"]
[White "Roca Marrero, Jose Miguel"]
[Black "Marrero Cardenes, Agustin"]
[Result "0-1"]
[WhiteElo "1569"]
[BlackElo "2030"]
[PlyCount "96"]
[EventDate "2016.10.22"]
[EventType "team-tourn"]
[EventRounds "14"]
[EventCountry "ESP"]
[SourceTitle "EXT 2018"]
[Source "ChessBase"]
[SourceDate "2017.10.13"]
[SourceVersion "1"]
[SourceVersionDate "2017.10.13"]
[SourceQuality "1"]
[WhiteTeam "Anand"]
[BlackTeam "Guia Univac"]
[WhiteTeamCountry "ESP"]
[BlackTeamCountry "ESP"]

1. e4 c6 2. Nf3 d5 3. exd5 cxd5 4. d4 Nc6 5. Bb5 Bd7 6. 0-0 Nf6 7. Bf4 e6 8. b3 Be7 9. c4 0-0 10. Bxc6 Bxc6 11. c5 b6 12. b4 a5 13. bxa5 bxc5 14. Nc3 Qxa5 15. Bd2 Qc7 16. Qe2 Ne4 17. Nxe4 dxe4 18. Ng5 Bxg5 19. Bxg5 cxd4 20. Qg4 f5 21. Qh4 Bd5 22. Rfc1 Qb7 23. Qg3 Rfc8 24. Bf6 d3 25. Bc3 Bxa2 26. h4 Qf7 27. Qe5 Qf6 28. Qxf6 gxf6 29. Bxf6 Rxc1+ 30. Rxc1 Bb3 31. Bg5 Ra2 32. Rc8+ Kf7 33. Rd8 Bd5 34. h5 Ra7 35. f3 exf3 36. gxf3 Bxf3 37. Rxd3 Bxh5 38. Re3 Kg6 39. Bf4 Ra6 40. Be5 Kg5 41. Rg3+ Bg4 42. Rb3 Ra5 43. Bc3 Rd5 44. Kf2 h5 45. Rb7 h4 46. Rg7+ Kf4 47. Bf6 h3 48. Bg5+ Ke4 0-1

[Event "Las Palmas Insular-chT Pref"]
[Site "Las Palmas"]
[Date "2015.04.11"]
[Round "13.2"]
[White "Garcia Blanco, Omar"]
[Black "Marrero Cardenes, Agustin"]
[Result "1-0"]
[WhiteElo "2268"]
[BlackElo "2005"]
[PlyCount "73"]
[EventDate "2014.11.22"]
[EventType "team-tourn"]
[EventRounds "14"]
[EventCountry "ESP"]
[SourceTitle "EXT 2016"]
[Source "ChessBase"]
[SourceDate "2015.10.08"]
[SourceVersion "1"]
[SourceVersionDate "2015.10.08"]
[SourceQuality "1"]
[WhiteTeam "La Caja de Vecindario"]
[BlackTeam "Maspalomas"]
[WhiteTeamCountry "ESP"]
[BlackTeamCountry "ESP"]

1. e4 c6 2. d4 d5 3. exd5 cxd5 4. c4 Nf6 5. Nc3 Nc6 6. Bg5 dxc4 7. Bxc4 h6 8. Bf4 e6 9. Nf3 Bd6 10. Be5 0-0 11. 0-0 Re8 12. Re1 Bf8 13. Qe2 b6 14. Bxf6 Qxf6 15. d5 Na5 16. Bb5 Rd8 17. Rad1 a6 18. Ba4 b5 19. Bc2 b4 20. Ne4 Qf4 21. g3 Qc7 22. d6 Bxd6 23. Nxd6 Rxd6 24. Rxd6 Qxd6 25. Rd1 Qc7 26. Ne5 Rb8 27. Qd3 f5 28. Qd8+ Qxd8 29. Rxd8+ Kh7 30. Ba4 Nb7 31. Rf8 Nd6 32. Bd7 Ra8 33. Bxe6 h5 34. Rd8 Bxe6 35. Rxa8 Bc4 36. Nxc4 Nxc4 37. b3 1-0